| 000 | 01485nam a22004697a 4500 | ||
|---|---|---|---|
| 003 | OSt | ||
| 005 | 20260505121245.0 | ||
| 007 | ta | ||
| 008 | 260505s2025 ag ||||| |||| 00| 0 spa d | ||
| 020 | _a9789873051791 | ||
| 040 | _ccj catamarca | ||
| 082 | _a331.106.4 Ac182e | ||
| 100 | 0 |
_95 _aAckerman, Mario E. |
|
| 245 | 1 | 3 |
_aLa extincion de la relacion de trabajo: _bSegunda edicion ampliada y actualizada con las reformas producidas por el DNU 70/2023 y la Ley 27.742 |
| 250 | _a2º ed. | ||
| 260 |
_aSanta Fe: _bRubinzal Culzoni, _c2025 |
||
| 300 |
_aV.1, 672 p. _c23 cm |
||
| 500 | _aINVENTARIO Nº 8169 | ||
| 650 | 7 | _2SAIJ | |
| 653 | _aDERECHO LABORAL | ||
| 653 | _aCONTRATO DE TRABAJO | ||
| 653 | _aEXTINCION DE TRABAJO | ||
| 653 | _aEMPLEO-ESTABILIDAD | ||
| 653 | _aEXTINCION-CONTRATO | ||
| 653 | _aEXTINCION-OBLIGACIONES | ||
| 653 | _aPREAVISO | ||
| 653 | _aDESPIDO-SIN JUSTA CAUSA | ||
| 653 | _aRENUNCIA-TRABAJADOR | ||
| 653 | _aDESPIDO-JUSTA CAUSA | ||
| 653 | _aINJURIA LABORAL | ||
| 653 | _aDESPIDO-SANCION DISCIPLINARIA | ||
| 653 | _aDESPIDO INDIRECTO | ||
| 653 | _aEXTINCION-MUTUO ACUERDO | ||
| 653 | _aCONTRATO-PLAZO | ||
| 653 | _aINCAPACIDAD-EXTINCION | ||
| 653 | _aINCAPACIDAD-INDEMNIZACION | ||
| 653 | _aINHABILITACION-TRABAJADOR | ||
| 653 | _aEXTINCION-JUBILACION | ||
| 653 | _aEXTINCION-MUERTE TRABAJADOR | ||
| 856 | _uhttps://drive.google.com/file/d/1IbyqnFkbJkrwc9D_NWuxtH-C2leEHaSX/view?usp=sharing | ||
| 942 |
_2ddc _cBK _n0 |
||
| 999 |
_c6539 _d6539 |
||